000 00847nam a22002657a 4500
005 20251108174839.0
008 250721s2010 xx 000 0 ara d
082 1 4 _a307.1/مبا
100 1 _aالنسور، جمال
245 1 0 _aمبادئ التخطيط /
264 1 _aالسلط :
_bدار التطبيقية للنشر والتوزيع،
_c2010.
300 _a168ص.
650 1 7 _aالتخطيط الاقليمي
650 1 7 _aالتخطيط الحضري
700 1 _aسمحة، موسى
700 1 _aالرحماني، صباح
700 1 _aالحبيس، محمود
700 1 _aالسويلميين، محمد
700 1 _aابو رمان، ممدوح
700 1 _aشنيكات، مراد
700 1 _aقطيشات، رانيا
700 1 _aخريسات، مروان
942 _2ddc
_cBK
999 _c119641
_d119641